B.Sc. first year semester I and II Botany/ (Record no. 144977)

MARC details
000 -LEADER
fixed length control field 00664nam a22002177a 4500
005 - DATE AND TIME OF LATEST TRANSACTION
control field 20170919145832.0
010 ## - LCCN (DPL NO)
LC control number ENG-120806
020 ## - INTERNATIONAL STANDARD BOOK NUMBER
Terms of availability 280.00
International Standard Book Number 9788181803733
020 ## - INTERNATIONAL STANDARD BOOK NUMBER
Terms of availability 280.00
International Standard Book Number 8181803736
035 ## - SYSTEM CONTROL NUMBER
System control number EN-104338
037 ## - SOURCE OF ACQUISITION
Source of stock number/acquisition DBAD/PUB
082 ## - DEWEY DECIMAL CLASSIFICATION NUMBER
Classification number 581.07
100 ## - MAIN ENTRY--PERSONAL NAME
Personal name Rao Verma,Y.Narasing
245 ## - TITLE STATEMENT
Title B.Sc. first year semester I and II Botany/
Statement of responsibility, etc by Y. Narasing Rao Verma.. [et. al] edited by C.Manoharachary
260 ## - PUBLICATION, DISTRIBUTION, ETC. (IMPRINT)
Place of publication, distribution, etc Hyderabad
Name of publisher, distributor, etc Telgu Akademi
Date of publication, distribution, etc 2016
270 ## - ADDRESS
Address Himayat Nagar
City Hyderabad
Postal code 500029
300 ## - PHYSICAL DESCRIPTION
Extent 728. :
Dimensions 28cm(pbk)
Other physical details ill.
500 ## - GENERAL NOTE
General note
700 ## - ADDED ENTRY--PERSONAL NAME
Personal name Manoharachary,C.
942 ## - ADDED ENTRY ELEMENTS (KOHA)
Source of classification or shelving scheme Dewey Decimal Classification
Item type English Books
Classification part 581.07
Call number suffix FIR
Holdings
Withdrawn status Lost status Not for loan Collection code Home library Current library Date acquired Source of acquisition Cost, normal purchase price Full call number Barcode Copy number Cost, replacement price Koha item type
    Not For Loan Non-fiction D.B.Act.Division Bawana 19/09/2017 DBAD/PUB 280.00 581.07 FIR EN-104338 1 280.00 English Books

© Delhi Public Library
Hit Counter
free hit counter